ბათუმის შოთა რუსთაველის სახელმწიფო უნივერსიტეტის ბიბლიოთეკა

Mandell, Douglas, and Bennett's Principles and Practice of Infectious Diseases : (ბიბ.ჩანაწერი № 61745)

000 -LEADER
fixed length control field 00877nam a22002177a 4500
005 - DATE AND TIME OF LATEST TRANSACTION
control field 20240426113321.0
008 - FIXED-LENGTH DATA ELEMENTS--GENERAL INFORMATION
fixed length control field 240426s2005 enk||||| |||| 00| 0 eng d
020 ## - INTERNATIONAL STANDARD BOOK NUMBER
International Standard Book Number 9789997638236x
041 ## - LANGUAGE CODE
Language code of text/sound track or separate title eng
080 ## - UNIVERSAL DECIMAL CLASSIFICATION NUMBER
Universal Decimal Classification number 616.9 M-24
100 ## - MAIN ENTRY--PERSONAL NAME
Personal name Mandell, G.L.
9 (RLIN) 21954
245 ## - TITLE STATEMENT
Title Mandell, Douglas, and Bennett's Principles and Practice of Infectious Diseases :
Remainder of title Volume 2 /
Statement of responsibility, etc. John E. Bennett, Martin J. Blaser, Raphaël Dolin.
250 ## - EDITION STATEMENT
Edition statement Sixth edition
264 ## - PRODUCTION, PUBLICATION, DISTRIBUTION, MANUFACTURE, AND COPYRIGHT NOTICE
Place of production, publication, distribution, manufacture Philadelphia :
Name of producer, publisher, distributor, manufacturer Elsevier,
Date of production, publication, distribution, manufacture, or copyright notice 2005.
300 ## - PHYSICAL DESCRIPTION
Extent 3661 p.:
Other physical details ill.;
Dimensions 28 cm.
653 ## - INDEX TERM--UNCONTROLLED
keyword ინფექციური დაავადებების პრინციპები და პრაქტიკა
653 ## - INDEX TERM--UNCONTROLLED
keyword მედიცინა
700 ## - ADDED ENTRY--PERSONAL NAME
Personal name Bennett, John E.
Relator term ავტორი
9 (RLIN) 21951
700 ## - ADDED ENTRY--PERSONAL NAME
Personal name Dolin, Raphaël
Relator term ავტორი
9 (RLIN) 21955
942 ## - ADDED ENTRY ELEMENTS (KOHA)
Source of classification or shelving scheme
Koha item type წიგნი
ეგზემპლარები
Withdrawn status Lost status Source of classification or shelving scheme Damaged status Not for loan Permanent Location Current Location Shelving location Date acquired Cost, normal purchase price Full call number Barcode Date last seen Copy number Price effective from Koha item type Public note
          ბათუმის შოთა რუსთაველის სახელმწიფო უნივერსიტეტის მთავარი ბიბლიოთეკა ბათუმის შოთა რუსთაველის სახელმწიფო უნივერსიტეტის მთავარი ბიბლიოთეკა წიგნსაცავი 2024-04-26 272.50 616.9 M-24 67909 2024-04-26 67909 2024-04-26 წიგნი 272 ლ. 50 თ.